[Event "2nd EUR-ch (w)"]
[Site "Warsaw POL"]
[Date "2001.04.24"]
[Round "3.58"]
[White "Alieva, Elmira"]
[Black "Heymann, Ulrike"]
[Result "1-0"]
[WhiteElo "2257"]
[BlackElo "2188"]
[EventDate "2001.04.21"]
[PlyCount "99"]

1.d4 Nf6 2.c4 g6 3.g3 Bg7 4.Bg2 O-O 5.Nf3 d6 6.O-O Nc6 7.Nc3 Bf5 8.d5 Na5 
9.Nd2 c6 10.b4 Nxd5 11.cxd5 Bxc3 12.e4 Bd7 13.Rb1 Bxd2 14.Bxd2 Nc4 15.Bh6 
cxd5 16.Bxf8 Qxf8 17.exd5 Bf5 18.Rc1 b5 19.Qd4 Qh6 20.Rfe1 a6 21.Rc3 Re8 
22.a4 Bh3 23.axb5 axb5 24.Qf4 Qg7 25.Rc2 Bf5 26.Ra2 Qc3 27.Rea1 Kg7 28.h4 
h5 29.Ra7 Ne5 30.R7a3 Qb2 31.R3a2 Qb3 32.Qd4 Kh7 33.Rb2 Nf3+ 34.Bxf3 Qxf3 
35.Qd1 Qe4 36.Kh2 Rc8 37.Re2 Qf3 38.Rd2 Qc3 39.Ra7 Rc4 40.Rxe7 Qf6 41.Re3 
Bg4 42.f3 Bd7 43.Re4 Rc3 44.Rf4 Bf5 45.Qe1 Ra3 46.Qe8 Ra1 47.Re2 Rd1 48.
Qe7 Kg7 49.Qxf6+ Kxf6 50.g4 1-0

[Event "2nd EUR-ch (w)"]
[Site "Warsaw POL"]
[Date "2001.04.24"]
[Round "3.59"]
[White "Ciuksyte, Zivile"]
[Black "Khasanova, Elmira"]
[Result "0-1"]
[WhiteElo "2150"]
[BlackElo "2249"]
[EventDate "2001.04.21"]
[PlyCount "68"]

1.e4 c5 2.Nf3 d6 3.d4 cxd4 4.Nxd4 Nf6 5.Nc3 a6 6.Bg5 e6 7.f4 Qc7 8.Qf3 b5 
9.O-O-O b4 10.Nb1 Nbd7 11.Bd3 Bb7 12.Rhe1 Be7 13.Qg3 h6 14.Qh3 O-O-O 15.
Bxf6 Bxf6 16.Nb3 Nb6 17.N1d2 Na4 18.Nc4 Bxe4 19.Rxe4 d5 20.Rxe6 fxe6 21.
Qxe6+ Kb8 22.Ne5 Rd6 23.Qg4 Re8 24.Bg6 Re7 25.Nd4 Rb6 26.Qf3 Bxe5 27.fxe5 
Rxg6 28.e6 Nb6 29.Qf8+ Kb7 30.g3 Rf6 31.Qg8 Rf2 32.Qh7 Rxh2 33.Qg6 Rg2 34.
Nb3 Rxe6 0-1

[Event "2nd EUR-ch (w)"]
[Site "Warsaw POL"]
[Date "2001.04.24"]
[Round "3.60"]
[White "Erenska, Hanna"]
[Black "Lomakina, Galia"]
[Result "0-1"]
[WhiteElo "2246"]
[BlackElo "2134"]
[EventDate "2001.04.21"]
[PlyCount "120"]

1.e4 c6 2.d4 d5 3.exd5 cxd5 4.Bd3 Nc6 5.c3 Nf6 6.Bf4 g6 7.Nf3 Bg7 8.Nbd2 
O-O 9.Nf1 a6 10.Ne5 Nh5 11.Nxc6 bxc6 12.Be3 e5 13.Qd2 Re8 14.O-O-O Qa5 15.
Bb1 Bg4 16.f3 Bd7 17.g4 Nf6 18.dxe5 Rxe5 19.Ng3 c5 20.g5 Ne8 21.f4 Re7 22.
f5 Be5 23.Bf4 Bc6 24.Bxe5 Rxe5 25.Qf4 Re7 26.Rhe1 Rb7 27.f6 Rab8 28.Re2 
Ba4 29.Rd3 Bb5 30.Qe3 d4 31.cxd4 cxd4 32.Qe5 Qc7+ 33.Qxc7 Nxc7 34.b3 Bxd3 
35.Bxd3 Ne6 36.Bxa6 Rc7+ 37.Kb2 Nxg5 38.h4 Ne6 39.h5 Rc6 40.Bd3 Nf4 41.Rd2
Nxd3+ 42.Rxd3 Rxf6 43.a4 Rf2+ 44.Ka3 Rc2 45.hxg6 hxg6 46.Ne4 f5 47.Nf6+ 
Kf7 48.Nd5 Ke6 49.Nb4 Rc3 50.Rxd4 Ke5 51.Rd7 f4 52.Rd5+ Ke4 53.Rg5 f3 54.
Rg1 f2 55.Rb1 g5 56.a5 g4 57.a6 g3 58.Kb2 Rc5 59.a7 Ra8 60.Rd1 Rxa7 0-1

[Event "2nd EUR-ch (w)"]
[Site "Warsaw POL"]
[Date "2001.04.24"]
[Round "3.61"]
[White "Tsoganova, Monika"]
[Black "Guzik, Jolanta"]
[Result "1-0"]
[WhiteElo "2239"]
[BlackElo "2111"]
[EventDate "2001.04.21"]
[PlyCount "41"]

1.d4 d5 2.c4 e6 3.Nc3 Be7 4.Nf3 Nf6 5.cxd5 exd5 6.Bg5 c6 7.e3 Bf5 8.Qd2 
Nbd7 9.h3 Qa5 10.Be2 Bb4 11.Nh4 Ne4 12.Qc2 Be6 13.O-O Bxc3 14.bxc3 h6 15.
Bf4 g5 16.f3 Nef6 17.Bd6 gxh4 18.Rab1 b5 19.e4 O-O-O 20.a4 Qxa4 21.Qxa4 
1-0

[Event "2nd EUR-ch (w)"]
[Site "Warsaw POL"]
[Date "2001.04.24"]
[Round "3.62"]
[White "Moshina, Cristina"]
[Black "Hagesather, Ellen"]
[Result "1/2-1/2"]
[WhiteElo "2235"]
[BlackElo "2093"]
[EventDate "2001.04.21"]
[PlyCount "48"]

1.e4 d6 2.d4 Nf6 3.Nc3 g6 4.Bg5 Bg7 5.Nf3 h6 6.Be3 O-O 7.Bc4 c6 8.e5 Ne8 
9.Qd2 Kh7 10.h4 dxe5 11.h5 g5 12.Nxe5 Bxe5 13.Bd3+ f5 14.dxe5 Qa5 15.O-O-O
Qxe5 16.f4 Qg7 17.Bd4 Nf6 18.g4 c5 19.Be5 Nc6 20.gxf5 c4 21.Bxc4 Bxf5 22.
Bd3 Bxd3 23.Qxd3+ Kh8 24.Bxf6 exf6 1/2-1/2

[Event "2nd EUR-ch (w)"]
[Site "Warsaw POL"]
[Date "2001.04.24"]
[Round "3.63"]
[White "Benderac, Ana"]
[Black "Zawadzka, Magdalena"]
[Result "0-1"]
[WhiteElo "2230"]
[BlackElo "2050"]
[EventDate "2001.04.21"]
[PlyCount "94"]

1.d4 Nf6 2.Nf3 g6 3.e3 Bg7 4.Nbd2 c5 5.c3 b6 6.Ne5 O-O 7.Qf3 d5 8.h4 h5 9.
Bd3 Ng4 10.Nxg4 Bxg4 11.Qg3 Qd7 12.f3 Bf5 13.Bxf5 Qxf5 14.e4 dxe4 15.fxe4 
Qd7 16.d5 e6 17.Qh3 exd5 18.Qxd7 Nxd7 19.exd5 Rae8+ 20.Kd1 Re5 21.c4 Rfe8 
22.a4 a5 23.Ra3 Re2 24.g3 Kf8 25.Rf1 f5 26.Rb3 Rg2 27.Nb1 Be5 28.Rff3 Bd4 
29.Rf1 Kf7 30.Nd2 Bf2 31.Nf3 Bxg3 32.Ng5+ Kg8 33.Rh1 Bf2 34.Ne6 Rg4 35.Bg5
Rxc4 36.Rf3 Bd4 37.b3 Rc3 38.Nxd4 cxd4 39.Rxc3 dxc3 40.Kc2 Re4 41.Kxc3 Kf7
42.Rh3 Nc5 43.Bd8 Rb4 44.Kc2 Ke8 45.Bc7 Kd7 46.d6 f4 47.Rf3 Ne6 0-1

[Event "2nd EUR-ch (w)"]
[Site "Warsaw POL"]
[Date "2001.04.24"]
[Round "3.64"]
[White "Jiretorn, Eva"]
[Black "Burvenich, Silvia"]
[Result "1/2-1/2"]
[WhiteElo "2106"]
[BlackElo "2224"]
[EventDate "2001.04.21"]
[PlyCount "107"]

1.d4 Na6 2.Nf3 d6 3.c4 g6 4.Nc3 Bg7 5.g3 c6 6.Bg2 Nf6 7.O-O O-O 8.e4 Nd7 
9.Bg5 Nb6 10.b3 h6 11.Be3 Kh7 12.Rc1 Nc7 13.d5 c5 14.h3 Nd7 15.Nh4 b5 16.
cxb5 a6 17.b6 Nb5 18.Ne2 Qxb6 19.Nf3 a5 20.Nd2 Na3 21.Nb1 Nxb1 22.Rxb1 Ba6
23.f4 Rab8 24.Kh2 Bxe2 25.Qxe2 Qb5 26.Qc2 Rbc8 27.Rbc1 Rc7 28.Bf3 Ra7 29.
Be2 Qb7 30.h4 a4 31.bxa4 Qb4 32.Bc4 Nf6 33.Bd2 Qxa4 34.Kh3 Qxc2 35.Rxc2 
Nxe4 36.f5 Nxd2 37.Rxd2 Bf6 38.fxg6+ fxg6 39.Rf3 Rb8 40.Rb3 Rxb3 41.axb3 
Ra1 42.Re2 Kg7 43.Kg2 Rc1 44.Re3 Rc2+ 45.Kf3 Be5 46.Kg4 Rf2 47.h5 gxh5+ 
48.Kxh5 Rh2+ 49.Kg4 Rf2 50.Kh5 Rf5+ 51.Kg4 Kf6 52.Kh3 Kg5 53.Kg2 Rf8 54.
Rf3 1/2-1/2

[Event "2nd EUR-ch (w)"]
[Site "Warsaw POL"]
[Date "2001.04.24"]
[Round "3.67"]
[White "Apanaviciute, Kristina"]
[Black "Ciuksyte, Dagne"]
[Result "0-1"]
[WhiteElo "2019"]
[BlackElo "2217"]
[EventDate "2001.04.21"]
[PlyCount "32"]

1.e4 c5 2.Nc3 Nc6 3.g3 g6 4.Bg2 Bg7 5.Nge2 e6 6.d3 Nge7 7.Be3 Nd4 8.Qd2 
O-O 9.O-O d5 10.Nd1 b6 11.Nf4 Rb8 12.c3 dxe4 13.dxe4 Ba6 14.Re1 Ndc6 15.
Qc2 Ne5 16.Bf1 Nf3+ 0-1

[Event "2nd EUR-ch (w)"]
[Site "Warsaw POL"]
[Date "2001.04.24"]
[Round "3.68"]
[White "Partac, Elena"]
[Black "Morkunaite, Egle"]
[Result "0-1"]
[WhiteElo "2216"]
[BlackElo "2028"]
[EventDate "2001.04.21"]
[PlyCount "67"]

1.e4 c5 2.Nc3 Nc6 3.f4 g6 4.Nf3 Bg7 5.Bb5 Nd4 6.Nxd4 cxd4 7.Ne2 Qb6 8.Ba4 
e6 9.c3 d3 10.Ng3 h5 11.e5 f6 12.Qf3 fxe5 13.Qxd3 Ne7 14.fxe5 O-O 15.Qe2 
Qa5 16.Bc2 Bxe5 17.Ne4 Nd5 18.d4 Bxd4 19.Bd2 Bg7 20.Nd6 Ne7 21.O-O-O b5 
22.a3 Ba6 23.Bd3 Qb6 24.Ne4 Rac8 25.g4 h4 26.Rhf1 Bb7 27.Bg5 Nd5 28.Bxb5 
Nxc3 29.Rxf8+ Kxf8 30.Rf1+ Kg8 31.Nxc3 Bxc3 32.Kb1 Qd4 33.Bf6 e5 34.Bd3 
0-1

[Event "2nd EUR-ch (w)"]
[Site "Warsaw POL"]
[Date "2001.04.24"]
[Round "3.69"]
[White "Bosboom-Lanchava, Tea"]
[Black "Toma, Katarzyna"]
[Result "1-0"]
[WhiteElo "2351"]
[BlackElo "2101"]
[EventDate "2001.04.21"]
[PlyCount "58"]

1.Nf3 Nf6 2.c4 g6 3.Nc3 d5 4.cxd5 Nxd5 5.h4 Bg7 6.h5 Nxc3 7.bxc3 Bf5 8.Qb3
b6 9.g3 Nd7 10.Bg2 Nc5 11.Qc4 Be6 12.Qh4 Bf6 13.Qh2 g5 14.h6 Rg8 15.O-O 
Rc8 16.d4 Na4 17.Bd2 c5 18.Qh5 cxd4 19.cxd4 Bxd4 20.Rac1 Nc5 21.Rfd1 Bxf2+
22.Kxf2 Ne4+ 23.Ke1 Rxc1 24.Bxc1 Qc7 25.Qh2 g4 26.Bf4 Qc5 27.Nd4 Qb4+ 28.
Kf1 Nc3 29.Nxe6 fxe6 1-0

[Event "2nd EUR-ch (w)"]
[Site "Warsaw POL"]
[Date "2001.04.24"]
[Round "3.70"]
[White "Rantanen, Tanja"]
[Black "Sosnowska, Elzbieta"]
[Result "0-1"]
[WhiteElo "2149"]
[BlackElo "2095"]
[EventDate "2001.04.21"]
[PlyCount "152"]

1.e4 e5 2.Nf3 Nc6 3.Nc3 Nf6 4.d4 Bb4 5.d5 Ne7 6.Bd3 d6 7.O-O O-O 8.Ne2 c6 
9.dxc6 bxc6 10.c3 Bc5 11.Ng3 Ng6 12.Qa4 Bd7 13.Rd1 Ng4 14.Rd2 Nh4 15.Qd1 
Qf6 16.Bf1 Nxf3+ 17.gxf3 Nxh2 18.Bg2 Qh4 19.b4 Bb6 20.Nh1 d5 21.c4 Be6 22.
cxd5 cxd5 23.exd5 Bd7 24.Re2 Bd4 25.Re4 Qh5 26.Ng3 Nxf3+ 27.Bxf3 Qg6 28.
Rxd4 exd4 29.Qxd4 a6 30.Bf4 Rac8 31.Kh2 Bb5 32.Rg1 Rc4 33.Qd2 Qf6 34.Ne4 
Qh4+ 35.Kg2 Rxe4 36.Bxe4 Qg4+ 37.Kh2 Qh4+ 38.Kg2 Qg4+ 39.Bg3 Qxe4+ 40.Kh2 
Rd8 41.Rc1 h5 42.d6 h4 43.Bf4 Bc6 44.Rg1 g6 45.Bg5 Qe5+ 46.Qf4 Qxd6 47.
Qxd6 Rxd6 48.Rg4 h3 49.Rf4 Bg2 50.Bf6 Kf8 51.a4 Ke8 52.b5 axb5 53.axb5 Rb6
54.Bh4 Rxb5 55.Rd4 g5 56.Bg3 f5 57.Bd6 Rb1 58.Kg3 f4+ 59.Bxf4 gxf4+ 60.
Rxf4 Ke7 61.Rh4 Kf6 62.Rf4+ Ke5 63.Rh4 Rb3+ 64.Kh2 Kf5 65.Ra4 Be4 66.Ra7 
Kf4 67.Rf7+ Bf5 68.Rf8 Rb2 69.Kg1 Rb1+ 70.Kh2 Rf1 71.Rb8 Rxf2+ 72.Kg1 Rc2 
73.Rh8 Kg3 74.Rg8+ Bg4 75.Rf8 h2+ 76.Kh1 Rc1+ 0-1

[Event "2nd EUR-ch (w)"]
[Site "Warsaw POL"]
[Date "2001.04.24"]
[Round "3.71"]
[White "Baskite, Viktoria"]
[Black "Kucypera, Anna"]
[Result "0-1"]
[WhiteElo "2073"]
[BlackElo "2145"]
[EventDate "2001.04.21"]
[PlyCount "42"]

1.e4 c5 2.Nf3 d6 3.d4 cxd4 4.Nxd4 Nf6 5.Nc3 g6 6.Be2 Bg7 7.O-O O-O 8.Bg5 
Nc6 9.Nb3 a5 10.a4 Be6 11.f4 Rc8 12.Bf3 Nd7 13.Kh1 Nb6 14.Rb1 Nc4 15.Qc1 
Nb4 16.e5 dxe5 17.Bxb7 Rc7 18.Rd1 Qb8 19.Bd5 Bxd5 20.Nxd5 Na2 21.Nxc7 Qxc7
0-1

[Event "2nd EUR-ch (w)"]
[Site "Warsaw POL"]
[Date "2001.04.24"]
[Round "3.72"]
[White "Saljova-Orsagova, Silvie"]
[Black "Grigoryan, Meri"]
[Result "1/2-1/2"]
[WhiteElo "2142"]
[BlackElo "2052"]
[EventDate "2001.04.21"]
[PlyCount "41"]

1.d4 d5 2.Nf3 Nf6 3.c4 c6 4.Nc3 dxc4 5.a4 Bf5 6.e3 e6 7.Bxc4 Bb4 8.O-O 
Nbd7 9.Qe2 O-O 10.h3 Ne4 11.Nxe4 Bxe4 12.Nd2 Bg6 13.Nf3 c5 14.Rd1 cxd4 15.
Nxd4 Qe7 16.Nc2 Ne5 17.Nxb4 Qxb4 18.Rd4 Rfd8 19.Bxe6 Rxd4 20.exd4 Qxd4 21.
Be3 1/2-1/2

[Event "2nd EUR-ch (w)"]
[Site "Warsaw POL"]
[Date "2001.04.24"]
[Round "3.73"]
[White "Ismailova, Parvana"]
[Black "Pokojska, Daria"]
[Result "1-0"]
[WhiteElo "2140"]
[BlackElo "2037"]
[EventDate "2001.04.21"]
[PlyCount "65"]

1.Nf3 c5 2.g3 Nc6 3.Bg2 g6 4.d3 Bg7 5.O-O d6 6.e4 e6 7.c3 Nge7 8.Be3 O-O 
9.Nbd2 b6 10.Re1 d5 11.d4 cxd4 12.Nxd4 Ne5 13.Qe2 a5 14.Bg5 f6 15.Bf4 Ba6 
16.Qe3 Ng4 17.Qf3 Ne5 18.Qd1 Bc8 19.exd5 exd5 20.Nf1 Bg4 21.Qd2 Nc4 22.Qc2
g5 23.Bc1 Qd7 24.Rxe7 Qxe7 25.Bxd5+ Kh8 26.Bxc4 Qe5 27.Bd2 Rac8 28.Bd3 h6 
29.Re1 Qd6 30.Ne3 Bh3 31.Bf5 Bxf5 32.Nexf5 Qd7 33.Re7 1-0

[Event "2nd EUR-ch (w)"]
[Site "Warsaw POL"]
[Date "2001.04.24"]
[Round "3.74"]
[White "Winter, Astrid"]
[Black "Ornstein, Petra"]
[Result "1/2-1/2"]
[WhiteElo "2135"]
[BlackElo "2035"]
[EventDate "2001.04.21"]
[PlyCount "31"]

1.c4 e5 2.Nc3 g6 3.d3 c5 4.g3 Bg7 5.Bg2 Nc6 6.e3 Nge7 7.Nge2 d6 8.O-O Rb8 
9.Rb1 a6 10.f4 O-O 11.Nd5 Nf5 12.a4 b5 13.axb5 axb5 14.cxb5 Rxb5 15.Qa4 
Qa5 16.Qxa5 1/2-1/2

[Event "2nd EUR-ch (w)"]
[Site "Warsaw POL"]
[Date "2001.04.25"]
[Round "4.3"]
[White "Kovalevskaya, Ekaterina"]
[Black "Kononenko, Tatiana"]
[Result "1/2-1/2"]
[WhiteElo "2506"]
[BlackElo "2361"]
[EventDate "2001.04.21"]
[PlyCount "77"]

1.e4 e6 2.d4 d5 3.Nc3 Bb4 4.exd5 exd5 5.Bd3 Nf6 6.Ne2 Bg4 7.O-O O-O 8.a3 
Be7 9.f3 Bh5 10.Ng3 Bg6 11.Nf5 Bxf5 12.Bxf5 c6 13.Ne2 Qc7 14.Qd3 Nbd7 15.
Bg5 Bd6 16.Kh1 Rfe8 17.Rae1 h6 18.Bd2 Re7 19.Ng3 Rxe1 20.Bxe1 Re8 21.Bf2 
Nf8 22.Re1 Rxe1+ 23.Bxe1 g6 24.Bh3 N8h7 25.Bd2 Ng5 26.Bxg5 hxg5 27.Nf1 c5 
28.dxc5 Qxc5 29.g3 Qf2 30.b4 Bc7 31.Qe3 Qxc2 32.Qxa7 g4 33.Bg2 gxf3 34.
Bxf3 Qd3 35.Bg2 Qb5 36.Qc5 Qxc5 37.bxc5 Bd8 38.Ne3 Be7 39.Nxd5 1/2-1/2

[Event "2nd EUR-ch (w)"]
[Site "Warsaw POL"]
[Date "2001.04.25"]
[Round "4.4"]
[White "Dworakowska, Joanna"]
[Black "Zhukova, Natalia"]
[Result "1/2-1/2"]
[WhiteElo "2360"]
[BlackElo "2463"]
[EventDate "2001.04.21"]
[PlyCount "56"]

1.e4 e6 2.d4 d5 3.Nc3 Nf6 4.Bg5 Bb4 5.e5 h6 6.Bd2 Bxc3 7.bxc3 Ne4 8.Qg4 g6
9.h4 c5 10.Bd3 Nxd2 11.Kxd2 Nc6 12.h5 g5 13.f4 cxd4 14.cxd4 Qa5+ 15.Ke3 f6
16.Qg3 g4 17.Ne2 b6 18.Qe1 Qxe1 19.Rhxe1 Na5 20.Nc3 Bd7 21.Nb5 Bxb5 22.
Bxb5+ Kd8 23.Ba6 Rh7 24.Rab1 Rc7 25.Kd3 Nc6 26.Ke3 Na5 27.Kd3 Nc6 28.Ke3 
Na5 1/2-1/2

[Event "2nd EUR-ch (w)"]
[Site "Warsaw POL"]
[Date "2001.04.25"]
[Round "4.5"]
[White "Khurtsidze, Nino"]
[Black "Ionescu-Brandis, Irina"]
[Result "1/2-1/2"]
[WhiteElo "2456"]
[BlackElo "2339"]
[EventDate "2001.04.21"]
[PlyCount "123"]

1.d4 d5 2.c4 c6 3.Nc3 Nf6 4.Nf3 a6 5.c5 g6 6.h3 Bg7 7.Bf4 O-O 8.e3 Nbd7 9.
Be2 b6 10.b4 bxc5 11.bxc5 Nh5 12.Qd2 Nxf4 13.exf4 Qc7 14.g3 Nf6 15.Ne5 a5 
16.h4 Ba6 17.Bxa6 Rxa6 18.O-O Raa8 19.Qc2 Nd7 20.Nf3 Rab8 21.Rab1 Rb4 22.
Rxb4 axb4 23.Ne2 Ra8 24.Rb1 Ra3 25.Rb3 Qa5 26.Rxa3 Qxa3 27.Qb3 f6 28.Qxa3 
bxa3 29.Nc1 e5 30.Nb3 exd4 31.Nfxd4 f5 32.Nxc6 Bf8 33.Nb4 Nxc5 34.Nxc5 
Bxc5 35.Nxd5 Kf7 36.Kf1 Ke6 37.Ne3 Bb4 38.Nd1 Kd5 39.Ke2 Kd4 40.h5 Bc5 41.
f3 Bd6 42.Ne3 Kc3 43.Nd5+ Kb2 44.Kd3 gxh5 45.Ne3 h4 46.gxh4 Bxf4 47.Nxf5 
Kxa2 48.Kc2 h5 49.Ng7 Bg3 50.Nxh5 Bxh4 51.Nf4 Bf6 52.Nd3 Be7 53.f4 Bd6 54.
f5 Be7 55.Nf4 Ka1 56.Nd5 Bf6 57.Kb3 Bb2 58.Kc2 Bf6 59.Ne3 Ka2 60.Nc4 Bg7 
61.Nb6 Bf6 62.Nd5 1/2-1/2

[Event "2nd EUR-ch (w)"]
[Site "Warsaw POL"]
[Date "2001.04.25"]
[Round "4.6"]
[White "Skripchenko-Lautier, Almira"]
[Black "Petrenko, Svetlana"]
[Result "1-0"]
[WhiteElo "2441"]
[BlackElo "2336"]
[EventDate "2001.04.21"]
[PlyCount "101"]

1.e4 c5 2.Nc3 Nc6 3.f4 g6 4.Nf3 Bg7 5.Bb5 Nd4 6.Bd3 d6 7.Nxd4 Bxd4 8.Ne2 
Bg7 9.O-O Nf6 10.Bb5+ Nd7 11.a4 O-O 12.d3 Qc7 13.Qe1 a6 14.Bc4 Nb6 15.Ba2 
Nxa4 16.f5 Nb6 17.Qh4 c4 18.Bh6 d5 19.Rf3 dxe4 20.dxe4 Bxh6 21.Qxh6 Qe5 
22.Raf1 Bd7 23.Rh3 Qg7 24.Qe3 Na4 25.Bxc4 Nxb2 26.Bb3 b5 27.e5 Nc4 28.Bxc4
bxc4 29.f6 exf6 30.exf6 Qh8 31.Rg3 Rae8 32.Qd2 Bc6 33.Nd4 Bd7 34.Qf4 Rd8 
35.Re3 h6 36.Re7 Bb5 37.c3 g5 38.Qe5 Qh7 39.h4 gxh4 40.Rf4 Bd7 41.Rxd7 
Rxd7 42.Rg4+ Kh8 43.Nf5 Rd1+ 44.Kh2 Rf1 45.Ne3 Re1 46.Rxh4 Qg6 47.Qf4 h5 
48.Qf3 Re8 49.Rxh5+ Kg8 50.Nd5 R1e4 51.Qh3 1-0

[Event "2nd EUR-ch (w)"]
[Site "Warsaw POL"]
[Date "2001.04.25"]
[Round "4.7"]
[White "Danielian, Elina"]
[Black "Vasylevich, Tatiana"]
[Result "1-0"]
[WhiteElo "2369"]
[BlackElo "2438"]
[EventDate "2001.04.21"]
[PlyCount "67"]

1.Nf3 c5 2.g3 Nc6 3.Bg2 g6 4.O-O Bg7 5.c3 Nf6 6.d4 cxd4 7.cxd4 d5 8.Ne5 
Qb6 9.e3 O-O 10.Nc3 Rd8 11.f4 Bf5 12.g4 Nxe5 13.fxe5 Bxg4 14.Bf3 Bh3 15.
exf6 Bxf1 16.fxe7 Rd7 17.Qxf1 Qe6 18.Qg2 Qxe7 19.Nxd5 Qe6 20.Bd2 Rad8 21.
Nf4 Qb6 22.Bc3 Kh8 23.Kh1 f5 24.a4 Re8 25.a5 Qd8 26.a6 Rxe3 27.Qf2 Re8 28.
axb7 Qb6 29.Re1 Rb8 30.Re6 Qd8 31.Bc6 Re7 32.Nxg6+ hxg6 33.Qh4+ Kg8 34.
Qxe7 1-0

[Event "2nd EUR-ch (w)"]
[Site "Warsaw POL"]
[Date "2001.04.25"]
[Round "4.8"]
[White "Mkrtchian, Lilit"]
[Black "Arakhamia-Grant, Ketevan"]
[Result "0-1"]
[WhiteElo "2344"]
[BlackElo "2427"]
[EventDate "2001.04.21"]
[PlyCount "124"]

1.e4 c5 2.Nf3 e6 3.d3 Nc6 4.g3 d5 5.Nbd2 g6 6.Bg2 Bg7 7.O-O Nge7 8.Re1 O-O
9.Qe2 h6 10.h4 Qc7 11.c3 b6 12.e5 f6 13.exf6 Rxf6 14.Nf1 Rf7 15.Ne3 e5 16.
c4 dxc4 17.dxc4 Be6 18.Nd2 Rd8 19.Nc2 Nf5 20.Ne4 Nfd4 21.Nxd4 Nxd4 22.Qf1 
Nc2 23.Be3 Nxa1 24.Rxa1 Kh7 25.Rc1 Bf5 26.b3 Rfd7 27.Nc3 e4 28.Nd5 Qe5 29.
Qe2 Rxd5 30.cxd5 Qxd5 31.g4 Bc8 32.h5 Qe6 33.hxg6+ Qxg6 34.g5 Bf5 35.b4 
cxb4 36.Rc7 Rd7 37.Rxd7 Bxd7 38.Qc4 Bf5 39.gxh6 Bxh6 40.Qxb4 Bxe3 41.fxe3 
Qg5 42.Qc3 Qg7 43.Qc4 Qe7 44.Qd5 Bg6 45.Qd4 Qc5 46.Qd7+ Kh6 47.Qh3+ Qh5 
48.Qc8 Qd1+ 49.Kh2 Qd6+ 50.Kg1 a5 51.Qh8+ Kg5 52.Qg8 Qd3 53.Kh2 b5 54.Qf8 
Qd5 55.Qf4+ Kh5 56.Bf1 Bf5 57.Be2+ Kg6 58.Kg3 b4 59.Qc7 Kf6 60.Kf4 Be6 61.
Bg4 Qg5+ 62.Kxe4 Qxg4+ 0-1

[Event "2nd EUR-ch (w)"]
[Site "Warsaw POL"]
[Date "2001.04.25"]
[Round "4.9"]
[White "Khukhashvili, Sopiko"]
[Black "Hunt, Harriet"]
[Result "0-1"]
[WhiteElo "2326"]
[BlackElo "2426"]
[EventDate "2001.04.21"]
[PlyCount "94"]

1.e4 c5 2.Nf3 d6 3.d4 cxd4 4.Nxd4 Nf6 5.Nc3 a6 6.Be2 e5 7.Nb3 Be7 8.Be3 
Be6 9.f4 exf4 10.Bxf4 Nc6 11.Qd2 Ne5 12.h3 b5 13.O-O-O O-O 14.Kb1 Rc8 15.
g4 Qc7 16.Rhe1 Rfd8 17.g5 Nfd7 18.Nd4 Nb6 19.Rc1 Nbc4 20.Bxc4 Nxc4 21.Qd3 
Qc5 22.Nd5 Bf8 23.Nb3 Qa7 24.Rg1 Ne5 25.Qg3 Bxd5 26.exd5 Nc4 27.h4 g6 28.
c3 Bg7 29.Qd3 b4 30.cxb4 Qf2 31.Bd2 Nxb2 32.Qf1 Qxh4 33.Re1 Nc4 34.Bc1 Ne5
35.Qf4 Qxf4 36.Bxf4 Nd3 37.Re4 Nxf4 38.Rxf4 Re8 39.Na5 Re2 40.Nc6 Rb2+ 41.
Kc1 Rxa2 42.Rgf1 Re8 43.R4f2 Ree2 44.Rxe2 Rxe2 45.Rg1 h5 46.gxh6 Bxh6+ 47.
Kb1 Bf4 0-1

[Event "2nd EUR-ch (w)"]
[Site "Warsaw POL"]
[Date "2001.04.25"]
[Round "4.11"]
[White "Olarasu, Gabriela"]
[Black "Foisor, Cristina"]
[Result "1/2-1/2"]
[WhiteElo "2278"]
[BlackElo "2408"]
[EventDate "2001.04.21"]
[PlyCount "23"]

1.Nf3 Nf6 2.b3 g6 3.Bb2 Bg7 4.g3 b6 5.Bg2 Bb7 6.O-O c5 7.c4 O-O 8.d3 d6 9.
e4 Nbd7 10.Re1 a6 11.Nc3 e6 12.Qc2 1/2-1/2

[Event "2nd EUR-ch (w)"]
[Site "Warsaw POL"]
[Date "2001.04.25"]
[Round "4.14"]
[White "Radziewicz, Iweta"]
[Black "Polovnikova, Ekaterina"]
[Result "1/2-1/2"]
[WhiteElo "2345"]
[BlackElo "2377"]
[EventDate "2001.04.21"]
[PlyCount "75"]

1.d4 Nf6 2.c4 c5 3.d5 b5 4.cxb5 a6 5.bxa6 g6 6.Nc3 Bxa6 7.g3 d6 8.Bg2 Bg7 
9.Nh3 O-O 10.O-O Nbd7 11.Bd2 c4 12.Qc2 Nc5 13.b4 cxb3 14.axb3 Ncd7 15.Nf4 
Qb8 16.Rfc1 Rc8 17.Qb1 Ng4 18.h3 Nge5 19.Be1 Rc7 20.b4 Rb7 21.Ne4 Nb6 22.
Ra2 Nbc4 23.g4 h6 24.Qb3 Rba7 25.Nc3 Ne3 26.b5 Nxg2 27.Nxg2 Nd7 28.Rb1 Nc5
29.Qc2 Bb7 30.Rxa7 Qxa7 31.b6 Qa3 32.Ne3 Ba6 33.Ne4 Nxe4 34.Qxe4 Bf6 35.
Qc2 Rc8 36.Qb3 Qxb3 37.Rxb3 Bxe2 38.Ba5 1/2-1/2

[Event "2nd EUR-ch (w)"]
[Site "Warsaw POL"]
[Date "2001.04.25"]
[Round "4.15"]
[White "Gaponenko, Inna"]
[Black "Medic, Mirjana"]
[Result "1-0"]
[WhiteElo "2373"]
[BlackElo "2274"]
[EventDate "2001.04.21"]
[PlyCount "74"]

1.e4 e6 2.d4 d5 3.Nc3 Bb4 4.Ne2 dxe4 5.a3 Be7 6.Nxe4 Nf6 7.Qd3 Nxe4 8.Qxe4
Nd7 9.Bf4 Nf6 10.Qf3 O-O 11.O-O-O Nd5 12.Be5 Bd6 13.h4 f6 14.Bxd6 Qxd6 15.
c4 Ne7 16.Nc3 c6 17.Bd3 Bd7 18.h5 f5 19.h6 Rf6 20.hxg7 Rg6 21.c5 Qc7 22.
Rdg1 Rxg7 23.g4 Rf8 24.gxf5 exf5 25.Bc4+ Kh8 26.Rxg7 Kxg7 27.Qe3 Ng6 28.
Qh6+ Kf6 29.Qxh7 Qf4+ 30.Kb1 Qxd4 31.Rd1 Qxc4 32.Rxd7 Qxc5 33.Qg7+ Ke6 34.
Ne2 Rf6 35.Nd4+ Ke5 36.Nf3+ Ke6 37.Ng5+ Ke5 1-0

[Event "2nd EUR-ch (w)"]
[Site "Warsaw POL"]
[Date "2001.04.25"]
[Round "4.16"]
[White "Galliamova, Alisa"]
[Black "Sudakova, Irina"]
[Result "1/2-1/2"]
[WhiteElo "2554"]
[BlackElo "2256"]
[EventDate "2001.04.21"]
[PlyCount "118"]

1.e4 e5 2.Nf3 Nf6 3.Nxe5 d6 4.Nf3 Nxe4 5.Bd3 Nc5 6.Be2 d5 7.d4 Ne4 8.O-O 
Be7 9.c4 c6 10.Nc3 O-O 11.Qc2 Nxc3 12.bxc3 Bg4 13.Rb1 b6 14.cxd5 Qxd5 15.
c4 Qh5 16.Rb3 Nd7 17.Bf4 Rfe8 18.h3 Bf5 19.Qd2 Qg6 20.Kh1 Rad8 21.Re1 Nc5 
22.Rb2 Bf6 23.Qc1 Bxd4 24.Nxd4 Rxd4 25.Bh5 Rxe1+ 26.Qxe1 Qe6 27.Re2 Re4 
28.Qd2 Rxe2 29.Bxe2 h6 30.Bb8 a6 31.Bf1 Qd7 32.Qxd7 Nxd7 33.Bc7 b5 34.cxb5
axb5 35.Kg1 Be6 36.a3 Kf8 37.f4 Ke7 38.Kf2 Nf6 39.Be5 Ne8 40.Ke3 f6 41.Bc3
Kd6 42.g4 Nc7 43.Ke4 Nd5 44.Bb2 g6 45.f5 gxf5+ 46.gxf5 Bd7 47.Be2 Ne7 48.
Bg4 h5 49.Bxh5 Bxf5+ 50.Kf3 Bxh3 51.Bxf6 Nd5 52.Bg7 Bf5 53.Bf8+ Kc7 54.Bf7
Nf6 55.Ke3 Nd7 56.Be7 Ne5 57.Bg8 Nd7 58.Kd4 Bh3 59.Bf7 Bg4 1/2-1/2

[Event "2nd EUR-ch (w)"]
[Site "Warsaw POL"]
[Date "2001.04.25"]
[Round "4.17"]
[White "Peptan, Corina-Isabela"]
[Black "Matnadze, Ana"]
[Result "1/2-1/2"]
[WhiteElo "2461"]
[BlackElo "2332"]
[EventDate "2001.04.21"]
[PlyCount "203"]

1.e4 c5 2.Nf3 d6 3.d4 cxd4 4.Nxd4 Nf6 5.Nc3 Nc6 6.Bg5 Bd7 7.Qd2 Rc8 8.Nb3 
h6 9.Bxf6 gxf6 10.Be2 h5 11.O-O f5 12.exf5 Bxf5 13.Nd4 Bg6 14.Rfe1 Bh6 15.
Qd1 Bg7 16.Nxc6 bxc6 17.Bd3 Bxd3 18.Qxd3 Kf8 19.Re3 d5 20.Rf3 Rb8 21.Na4 
Qd6 22.Qf5 Bf6 23.b3 h4 24.Rd1 Rh6 25.c4 e6 26.Qd3 Rg6 27.Qe3 Qe7 28.h3 
Kg7 29.cxd5 cxd5 30.Rc1 Rb4 31.Rd1 Re4 32.Qc1 Re5 33.Kh1 Reg5 34.Rg1 e5 
35.Rc3 Qe6 36.Nc5 Qe7 37.Nd3 d4 38.Rc7 Qe6 39.Qc6 Qf5 40.Qd7 Qxd7 41.Rxd7 
Rf5 42.f3 a6 43.Re1 Kg8 44.Rd6 Bg7 45.Rxg6 fxg6 46.Rc1 Rf6 47.Nxe5 Re6 48.
f4 Bxe5 49.Re1 Kf7 50.fxe5 Rc6 51.Rd1 Rc2 52.Rxd4 Rxa2 53.Rxh4 Rb2 54.Ra4 
Rxb3 55.Rxa6 Re3 56.e6+ Ke7 57.Kg1 Re2 58.Kh2 Re3 59.h4 Rb3 60.g3 Rb2+ 61.
Kh3 Rb4 62.Rc6 Ra4 63.g4 Ra3+ 64.Kg2 Rb3 65.g5 Ra3 66.Rc4 Kxe6 67.Rf4 Ke5 
68.Rf6 Ra2+ 69.Kg3 Ra3+ 70.Rf3 Ra4 71.Kh3 Rb4 72.Kg3 Ra4 73.Rb3 Rc4 74.
Rb5+ Ke6 75.Rb6+ Kf7 76.Rb7+ Ke6 77.Rb3 Ra4 78.Rf3 Ke5 79.Kh3 Rb4 80.Rg3 
Kf5 81.Re3 Ra4 82.Rf3+ Ke5 83.Kg3 Rb4 84.Ra3 Ke6 85.Ra6+ Kf7 86.Rf6+ Kg7 
87.Rf4 Rxf4 88.Kxf4 Kf8 89.Ke4 Ke8 90.Kd4 Kd8 91.Kc4 Ke8 92.Kd4 Kd8 93.Kc4
Ke8 94.Kc5 Ke7 95.Kd5 Kd7 96.Ke5 Ke7 97.Ke4 Ke8 98.Kf3 Kf7 99.Kf4 Kf8 100.
Ke3 Ke7 101.Kd3 Kd7 102.Ke4 1/2-1/2

[Event "2nd EUR-ch (w)"]
[Site "Warsaw POL"]
[Date "2001.04.25"]
[Round "4.18"]
[White "Lopatskaya, Elena"]
[Black "Kachiani-Gersinska, Ketino"]
[Result "1/2-1/2"]
[WhiteElo "2323"]
[BlackElo "2456"]
[EventDate "2001.04.21"]
[PlyCount "34"]

1.Nf3 g6 2.b3 Bg7 3.d4 d6 4.Bb2 Nf6 5.g3 O-O 6.Bg2 c5 7.c4 Nc6 8.O-O a6 9.
Nc3 Rb8 10.dxc5 dxc5 11.Na4 Nd7 12.Bxg7 Kxg7 13.Ng5 Qc7 14.Ne4 b6 15.Nac3 
Rd8 16.Nd5 Qe5 17.e3 Nf6 1/2-1/2